000 00828nam a2200253 i 4500
001 bg
100 1 _aRYŚ, Jan
245 1 0 _aPodstawy konstrukcji maszyn :
_bzbiór zadań.Cz. /
_cJan Ryś, Zbigniew Skrzyszowski ; Politechnika Krakowska im. Tadeusza Kościuszki
_n2.
250 _aWyd. 3 uzup.
260 _aKraków :
_bPK,
_c2001.
300 _a316 s. :
_bil. ;
_c24 cm.
504 _aBibliogr. przy rozdz.
521 _aSkrypt dla studentów wyższych szkół technicznych.
650 9 _aMaszyny
_xbudowa i konstrukcje
655 _aĆwiczenia i zadania dla szkół wyższych
700 1 _aSKRZYSZOWSKI, Zbigniew
020 _a8372421129 (cz. 1)
040 _cBPK
041 0 _apl
080 _a621.01(075.8)(076)
920 _a83-7242-112-9 (cz. 1)
942 _cKS
008 s pl f |000 0 pol
999 _c39930
_d39930
856 _uhttp://koha.tu.koszalin.pl/cgi-bin/koha/opac-detail.pl?biblionumber=39930
_yKatalog online BPK